Los principios de presupuesto público herramientas prioritarias para el control y la transparencia (Registro nro. 11597)

Detalles MARC
000 -LEADER
fixed length control field 00365 a2200109 4500
001 - CONTROL NUMBER
control field ART_6874
005 - DATE AND TIME OF LATEST TRANSACTION
control field 20260410161622.0
008 - FIXED-LENGTH DATA ELEMENTS--GENERAL INFORMATION
fixed length control field 260409a
100 1# - MAIN ENTRY--PERSONAL NAME
Personal name Atchabahian, Adolfo
245 10 - TITLE STATEMENT
Title Los principios de presupuesto público herramientas prioritarias para el control y la transparencia
773 0# - HOST ITEM ENTRY
Title Enfoques
Related parts - Nº 10 (oct. 2010)
Record control number REV416

No hay ítems disponibles.